[Event "GER Seniors Derby 02nd"]
[Site "Wesel/Heidelust"]
[Date "2003.03.15"]
[Round "6"]
[White "Gerdes, Wilfried"]
[Black "Forscht, Manfred"]
[Result "0-1"]
[WhiteElo "1614"]
[BlackElo "1674"]
[PlyCount "46"]
[EventDate "2003.03.13"]
[EventType "swiss"]
[EventRounds "7"]
[EventCountry "GER"]
[SourceTitle "EXT 2006"]
[Source "ChessBase"]
[SourceDate "2005.11.24"]
[SourceVersion "1"]
[SourceVersionDate "2005.11.24"]
[SourceQuality "1"]

1. d4 d5 2. c4 e6 3. Nc3 Nf6 4. Bg5 Be7 5. e3 0-0 6. Nf3 Nbd7 7. Be2 b6 8. 0-0 Bb7 9. Rc1 Rc8 10. Bf4 dxc4 11. Bxc4 Nh5 12. Be5 Nxe5 13. Nxe5 Nf6 14. Qb3 Nd5 15. Bb5 Nxc3 16. Rxc3 Bd6 17. Nc6 Qg5 18. e4 a6 19. f4 Qxb5 20. Qxb5 axb5 21. e5 Bxc6 22. Rxc6 Be7 23. Rfc1 Rfd8 0-1

[Event "GER Seniors Derby 02nd"]
[Site "Wesel/Heidelust"]
[Date "2003.03.13"]
[Round "1"]
[White "Neumann, Manfred1111"]
[Black "Gerdes, Wilfried"]
[Result "1-0"]
[WhiteElo "1896"]
[BlackElo "1614"]
[PlyCount "73"]
[EventDate "2003.03.13"]
[EventType "swiss"]
[EventRounds "7"]
[EventCountry "GER"]
[SourceTitle "EXT 2006"]
[Source "ChessBase"]
[SourceDate "2005.11.24"]
[SourceVersion "1"]
[SourceVersionDate "2005.11.24"]
[SourceQuality "1"]

1. Nf3 d5 2. d4 Nf6 3. c4 Bf5 4. Nc3 e6 5. Bg5 Be7 6. e3 c6 7. Bd3 Bxd3 8. Qxd3 0-0 9. 0-0 Nbd7 10. Rfe1 dxc4 11. Qxc4 Nb6 12. Qb3 h6 13. Bh4 Nfd5 14. Bxe7 Qxe7 15. e4 Nf6 16. e5 Nfd5 17. Ne4 Qb4 18. Qc2 Qc4 19. Qd2 Qb4 20. Qc2 Qc4 21. Qb1 Qa6 22. h4 Rab8 23. h5 Nf4 24. Neg5 hxg5 25. Nxg5 Qd3 26. Qc1 Qf5 27. Ne4 Nd3 28. Qc2 Nxe1 29. Rxe1 Nd5 30. g3 Qxh5 31. Kg2 g6 32. Rh1 Qf5 33. Rh4 Kg7 34. Qd1 Rh8 35. Nd6 Qg5 36. Ne4 Qe7 37. Rg4 1-0